The Life of Takla Hâymânot. In the version of Dabra Lîbanos, and The Miracles of Takla Hâymânot, in the version of Dabra Lîbânôs, and The Book of the Riches of Kings. The ethiopic texts from the British Museum MS. Oriental 723, edited with english translations, to wich is added an english translation of the Waldebbân version. By Ernest Alfred Wallis Budge. With one hundred and sixty five coloured plates
-д хадгалсан:
| Үндсэн зохиолчид: | , |
|---|---|
| Формат: | Ном |
| Хэл сонгох: | англи амхар |
| Хэвлэсэн: |
Londres
Edición privada
1906
|
| Хэвлэл: | 1a. ed |
| Нөхцлүүд: | |
| Шошгууд: |
Шошго нэмэх
Шошго байхгүй, Энэхүү баримтыг шошголох эхний хүн болох!
|
MARC
| LEADER | 00000nam a2200000 a 4500 | ||
|---|---|---|---|
| 001 | UCJ8132 | ||
| 003 | CL-VaPUC | ||
| 008 | 070124e19060000UK |||||||||||||||||eng|d | ||
| 041 | 0 | 7 | |a eng |2 CL-VaPUC |
| 041 | 0 | 7 | |a amh |2 CL-VaPUC |
| 082 | 0 | 4 | |a 090 |b WAL |2 21 |
| 100 | |a Wallis Budge, Ernest Alfred |e author |9 516815 | ||
| 700 | 0 | |a Lîbanôs, Dabra |e author |9 516816 | |
| 245 | 1 | 4 | |a The Life of Takla Hâymânot. In the version of Dabra Lîbanos, and The Miracles of Takla Hâymânot, in the version of Dabra Lîbânôs, and The Book of the Riches of Kings. The ethiopic texts from the British Museum MS. Oriental 723, edited with english translations, to wich is added an english translation of the Waldebbân version. By Ernest Alfred Wallis Budge. With one hundred and sixty five coloured plates |
| 250 | |a 1a. ed | ||
| 300 | |a pág. irreg | ||
| 942 | |c BK | ||
| 945 | |d 20070124 00:00:00 |a rinostro | ||
| 260 | |a Londres |b Edición privada |c 1906 | ||
| 500 | |a Ilustraciones conforme a lo señalado en la Tabla respectiva.- Por su gran tamaño, se encuentra en estantería separada | ||
| 600 | 0 | 7 | |a MUSEO BRITANICO |2 CL-VaPUC |9 513434 |
| 650 | 7 | |a HAGIOGRAFIA |2 CL-VaPUC |9 506102 | |
| 650 | 0 | |a Iconografía |9 267998 | |
| 650 | 0 | |a Ilustraciones |9 369481 | |
| 650 | 7 | |a LIBRO RARO |2 CL-VaPUC |9 504169 | |
| 651 | 7 | |a ETIOPIA |2 CL-VaPUC |9 332658 | |
| 583 | |a last modification |c 20070124 00:00:00 |k Rodrigo Vera | ||
| 999 | |c 323929 |d 323927 | ||
| 952 | |0 0 |1 0 |4 0 |6 090_000000000000000_WAL_1906 |7 0 |8 X |9 403788 |a FDOBUD |b FDOBUD |d 2019-11-22 |i 107315K |o 090 WAL 1906 |p 107315K |r 2019-11-22 |w 2019-11-22 |y BK_X |k BUD | ||